000 00729nam a22002177a 4500
999 _c1569
_d1569
003 DO-SdBJH
005 20171212193526.0
008 171004b xxu||||| |||| 00| 0 esp d
020 _a978-9945-14-117-7
040 _cRCAA
_aDO-SdBJH
_bspa
082 _aRD 342.7293
_bC172c 2014
110 _aRepública Dominicana. Asamblea Nacional
245 _aConstitución de la República Dominicana :
_bproclamada por la asamblea nacional revisora el 26 de enero del año 2010
250 _a5ª edición .
260 _aSanto Domingo :
_bEditora Corripio,
_c2014
300 _a137 páginas
504 _aIncluye indice.
650 _aConstitución -- República Dominicana
650 _aReforma constitucional
942 _2ddc
_cBK